000 00506nam a2200181Ia 4500
999 _c7960
_d7960
003 OSt
005 20200709121948.0
008 190216s9999||||xx |||||||||||||| ||und||
020 _a9788132111658
040 _coclc
082 _a332.03
_bMAJ/F
100 _aMajumdar, Gautam
_93694
245 0 _aFinancial Terms Simplified /
_cGautam Majumdar
260 _bSage Pub,
_c2013.
_aNew Delhi:
300 _a314p
650 _aCommerce
942 _cBK
_2ddc
_h332.03
_iMAJ/F
_k332.03
_mMAJ/F